00493cam a22001457a 4500008004000000082001700040100002300057245011100080260001300191300000900204440002700213650003000240650002400270700005300294180718b1956 xxu||||| |||| 00| 0 eng d aB263x73 K133 aHeller, Francis H. aOur stake in the federal systemcby Francis H. Heller and Kansas. University. Governmental Research Center abc1956 a22p. aCitizen's Pamphlet, 18 aFederal - State Relations aFederalism - U.S.A. aKansas. University. Governmental Research Center